|
|
|
|
| LEADER |
00756Cam#a2200229#a#4500 |
| 001 |
023184 |
| 003 |
AR-BeUNQ |
| 005 |
20240614113649.0 |
| 008 |
110910s2000||||ag # g#b #000|0#spa#d |
| 999 |
|
|
|c 21996
|d 97383
|
| 040 |
|
|
|a AR-BeUNQ
|e aacr
|
| 082 |
0 |
4 |
|a 547
|2 21
|
| 110 |
2 |
|
|a Acros Organics (Firma).
|
| 245 |
0 |
2 |
|a Catalog of organics and fine chemicals :
|b 2000/01
|c Acros Organics.
|
| 260 |
|
|
|a [Pittsburgh, PA] :
|b Fisher Scientific International,
|c [2000]
|
| 300 |
|
|
|a 2304 p. :
|b il. ;
|c 23 cm.
|
| 650 |
|
7 |
|a Catálogos
|2 spines
|
| 650 |
|
7 |
|a Química
|2 spines
|
| 650 |
|
7 |
|a Productos químicos orgánicos
|2 spines
|
| 650 |
|
7 |
|a Materiales de referencia
|2 spines
|
| 929 |
|
|
|d 0,00
|e 20090715
|f PAT0031554
|g 1348 Exp. 827-0387/98
|j 46934
|i 20240613
|
| 942 |
|
|
|c LIB
|n 0
|